Catálogo
 En Linea

Anima mundi / (Registro nro. 40243)

Detalles MARC
000 -CABECERA
campo de control de longitud fija 00654nam a2200193 a 4500
001 - NÚMERO DE CONTROL
campo de control 000040753
005 - FECHA Y HORA DE LA ÚLTIMA TRANSACCIÓN
campo de control 20240905110224.0
008 - DATOS DE LONGITUD FIJA--INFORMACIÓN GENERAL
campo de control de longitud fija 130906s1997 sp 000 0 spa d
020 ## - NÚMERO INTERNACIONAL ESTÁNDAR DEL LIBRO
Número Internacional Estándar del Libro 8432207357
040 ## - FUENTE DE LA CATALOGACIÓN
Centro catalogador/agencia de origen DO-SdBNP
Lengua de catalogación spa
Centro/agencia transcriptor BNPHU
100 1# - ENTRADA PRINCIPAL--NOMBRE DE PERSONA
Nombre de persona Tamaro, Susanna
Fechas asociadas al nombre 1957-
9 (RLIN) 66313
245 10 - MENCIÓN DE TÍTULO
Título Anima mundi /
Mención de responsabilidad, etc. Susanna Tamaro ; traducción de Atilio Pentimalli Melacrino.
250 ## - MENCIÓN DE EDICIÓN
Mención de edición 4a ed.
260 ## - PUBLICACIÓN, DISTRIBUCIÓN, ETC.
Lugar de publicación, distribución, etc. Barcelona :
Nombre del editor, distribuidor, etc. Seix Barral,
Fecha de publicación, distribución, etc. 1997.
300 ## - DESCRIPCIÓN FÍSICA
Extensión 283 p. ;
Dimensiones 22 cm.
500 ## - NOTA GENERAL
Nota general Incluye datos biográficos del autor en la solapa de la cubierta
500 ## - NOTA GENERAL
Nota general Traducido del idioma italiano
700 1# - PUNTO DE ACCESO ADICIONAL--NOMBRE DE PERSONA
Nombre de persona Pentimalli Melancrino, Atilio,
Término indicativo de función/relación trad.
9 (RLIN) 67160
Existencias
Estado de retiro Estado de pérdida Restricciones de uso No para préstamo Código de colección Localización permanente Ubicación/localización actual Ubicación en estantería Fecha de adquisición Número de inventario Total de préstamos Signatura topográfica completa Código de barras Fecha visto por última vez Precio válido a partir de Tipo de ítem Koha
        Monografías: Libros y Folletos General General En catalogación 06.09.2013 LF1   40753-10 25.06.2020 25.06.2020 Préstamo en sala

Con tecnología Koha